00522nam a22001577a 450000500170000001000150001702000260003203500140005803700130007208200190008524500910010426000340019527000590022930000260028850000500031420171031115448.0 aENG-121151 a9789350020593c495.00 aEN-104683 bDBAD/PUB a303.4833091724 a ICTs, community access and development :bcase studies from six developing countres / aNew DelhibAakar Books c2010 a28 E Pocket IV, Mayur Vihar Phase IbNew Delhie110091 a219p.c22cm(Hb)bill. aIncludes bibliographical references and index